| 000 | 00471nam a22001817a 4500 | ||
|---|---|---|---|
| 003 | MPLRDC | ||
| 005 | 20220104143933.0 | ||
| 008 | 210129b ||||| |||| 00| 0 eng d | ||
| 082 | _a848.3 LFY v.29 no.2 c.2 | ||
| 100 | _a梁凤仪著 | ||
| 245 |
_a我要活下去(下册) _c |
||
| 250 | _a初版 | ||
| 260 |
_a _b勤+ 缘出版社 _c1995 |
||
| 300 | _b平 | ||
| 490 | _a梁凤仪小说系列; 29 | ||
| 650 | _a现代别集 | ||
| 942 |
_cBK _o848.3 LFY v.29 no.2 c.2 |
||
| 999 |
_c44814 _d44804 |
||